000 01021cam a2200313 a 4500
999 _c232430
_d232430
001 2103160
003 Nust
005 20170216125457.0
008 951113s1995 ii a b 001 0 eng
010 _a 95906569
020 _a8170246954
025 _aI-E-95906569
040 _aDLC
_cDLC
_dDLC
042 _alcode
043 _aa-ii---
050 0 0 _aHC435.2
_b.E3117 1995
082 _a330.954
245 0 0 _aEconomic liberalisation in India /
_ceditor, B.N.P. Singh.
260 _aNew Delhi :
_bAshish Pub. House,
_c1995.
300 _axxxv, 352 p. :
_bill. ;
_c23 cm.
504 _aIncludes bibliographical references and index.
520 _aContributed articles.
651 0 _aIndia
_xEconomic conditions
_y1947-
651 0 _aIndia
_xEconomic policy
_y1991-
700 1 _aSingh, Baidyanath Prasad,
_d1948-
906 _a7
_bcbc
_corigode
_d3
_encip
_f19
_gy-gencatlg
942 _2ddc
_cBK